| 000 | 00960cam a2200301 a 4500 | ||
|---|---|---|---|
| 008 | |||
| 020 | _a9780736059992 (hbk.) | ||
| 049 | _aMAIN | ||
| 090 |
_aGV706.4 _bFEL |
||
| 100 | 1 | _aFeltz, Deborah L. | |
| 245 | 1 | 0 |
_aSelf-efficacy in sport / _cDeborah L. Feltz, Sandra E. Short, and Philip J. Sullivan. |
| 260 |
_aChampaign : _bHuman Kinetics, _cc2008. |
||
| 300 |
_ax, 405 p. : _bill. ; _c24 cm. |
||
| 500 | _aIncludes index. | ||
| 504 | _aIncludes bibliographical references. | ||
| 650 | 0 |
_aSports _xPsychological aspects. |
|
| 650 | 0 |
_aAthletes _xPsychology. |
|
| 650 | 0 |
_aSports teams _xPsychological aspects. |
|
| 650 | 0 |
_aCoaching (Athletics) _xPsychological aspects. |
|
| 650 | 0 | _aSuccess. | |
| 700 | 1 | _aShort, Sandra E. | |
| 700 | 1 | _aSullivan, Philip Joseph | |
| 907 |
_a.b10381715 _b30-11-17 _c22-08-17 |
||
| 003 | |||
| 005 | 20230123122315.0 | ||
| 040 | _cNUST | ||
| 942 |
_cBOOKS _kGV706.4 _mFEL |
||
| 999 |
_c131379 _d131379 |
||